Statistics for Countries Closest to the Middle of the Indian Ocean

Click here to take the quiz!

General Stats

  • This quiz has been taken 2,153 times
  • The average score is 16 of 20

Answer Stats

kmcountrymiles% Correct
3769India2342
98%
3568Sri Lanka2217
96%
3650Indonesia2268
93%
2776Madagascar1725
92%
2792Maldives1735
90%
3769Australia2342
87%
4244Malaysia2637
87%
3121Seychelles1939
86%
4437Somalia2757
85%
4475Kenya2781
82%
3769Mozambique2342
82%
1372Mauritius853
81%
4205South Africa2613
81%
4033Tanzania2506
81%
4426Thailand2750
81%
3539Comoros2199
79%
4283Singapore2661
76%
4219Malawi2621
51%
4353Zimbabwe2705
51%
4279Eswatini2659
47%

Score Distribution

Percentile by Number Answered

Percent of People with Each Score

Your Score History

You have not taken this quiz